01097 2200337 4500001002100000005001500021035002000036007000300056008004100059020002200100082001600122084001800138100003300156245014300189250002600332300004000358650002700398700003300425700002900458700003400487264003000521336002100551337003000572338002300602040002200625090002200647850001200669504003400681999002200715990002200737INLIS00000000088910120240722110240 a0010-0724001000ta240722s2024 yoia g | ind d a978-979-21-7898-204223a899.221 a899.221 MEG s0 aMega Febriani SyaePengarang10aSastra fantasi :bideologi dan praktik sosiokultural /cMega Febriani Sya, Novi Anoegrajekti, Ratna Dewanti; penyunting, C. Erni Setyowati aCetakan pertama, 2024 axiv, 232 halaman :bgambar ;c23 cm 4aKesusastraan Indonesia0 aNovi AnoegrajektiePengarang0 aRatna DewantiePengarang1 aErni Setyowati, CePenyunting31aSleman :bKanisius,c2024 2rdacontentateks 2rdamediaatanpa perantara 2rdacarrieravolume aYOPDYOGbinderda aCB-D.11 2024-2191 aYOPDYOG aBibliografi : halaman 221-232 aCB-D.11/2024-2191 aCB-D.11/2024-2191